000 00401nam a22001337a 4500
003 SGT
020 _a9789351863229
082 _a301.2
_bS16S
100 _aस्वरुप, देवेंद्र
245 _aसभ्यताओं के संघर्ष में भारत कहाँ!
260 _bराजकमल प्रकाशन
_c2018
300 _a317
942 _2ddc
_cBK
999 _c29350
_d29350